Logic, automata, and algorithms /

Guardado en:
Autor Corporativo: Scripta Technica, inc. (tr.)
Otros Autores: Aizerman, M. A., (Mark Aronovich), Kranc, George M., (tr.)
Formato: Libro
Idioma:English
Russian
Publicado: New York : Academic Press, 1971.
Series:Mathematics in science and engineering ; v. 79
Materias:
Etiquetas: Agregar Etiqueta
Sin Etiquetas, Sea el primero en etiquetar este registro!
LEADER 01116cam a22002775a 4500
001 EIQ.libpla000249
008 710426s1971####nyua#####b####001#0#eng#d
005 20060620194440.0
245 0 0 |a Logic, automata, and algorithms /  |c Mark A. Aiserman ... [et al.] ; translated by Scripta Technica, inc. ; Translation editor George M. Kranc. 
260 |a New York :  |b Academic Press,  |c 1971. 
300 |a xii, 433 p. :  |b il. ;  |c 24 cm. 
440 0 |a Mathematics in science and engineering ;  |v v. 79 
500 |a Traducción de: Logika, avtomaty, algoritmy por Gosud. 
504 |a Bibliografía: p. 409-429. 
700 1 |a Aizerman, M. A.,  |d (Mark Aronovich)  |q 1913- 
700 1 |a Kranc, George M.,  |e tr. 
710 2 |a Scripta Technica, inc.  |e tr. 
082 0 0 |a 629.8/91 
650 4 |a Teoría de las máquinas secuenciales  |x Algoritmos. 
650 4 |a Teoría de la conmutación  |x Algoritmos. 
650 4 |a Sequential machine theory  |x Algorithms. 
650 4 |a Switching theory  |x Algorithms. 
010 |a  72153664  
040 |a DLC  |c DLC  |d DLC  |d ICU  |d AR-BbSID 
041 1 |a eng  |h rus 
859 |a AR-BbSID  |b BIB. PLAPIQUI  |h 511.8  |i A82  |p 2035